Γεωγραφικά Συστήματα Πληροφοριών και Ανάλυση Χώρου / Δεύτερη Έκδοση (Record no. 3165)
[ view plain ]
| 000 -LEADER | |
|---|---|
| fixed length control field | 01874cam a22002054a 4500 |
| 005 - ΗΜΕΡΟΜΗΝΙΑ ΚΑΙ ΩΡΑ ΤΕΛΕΥΤΑΙΑΣ ΕΝΗΜΕΡΩΣΗΣ | |
| Πεδίο ελέγχου | 20250605164107.0 |
| 008 - FIXED-LENGTH DATA ELEMENTS--GENERAL INFORMATION | |
| Πεδίο ελέγχου σταθερού μήκους | 250528s ||||||||||||||||||||||||d |
| 035 ## - SYSTEM CONTROL NUMBER | |
| System control number | 17765 |
| 020 ## - ISBN | |
| ISBN | 9786185242114 |
| 040 ## - ΠΗΓΗ ΚΑΤΑΛΟΓΟΓΡΑΦΗΣΗΣ | |
| Φορέας πρωτότυπης καταλογογράφησης | MC Athens Campus Library |
| Γλώσσα καταλογογράφησης | Ελληνικά, Μοντέρνα (1453-) |
| Modifying agency | MC Athens Campus Library |
| Κανόνες περιγραφικής καταλογογράφησης | AACR2 |
| 245 1# - ΤΙΤΛΟΣ ΚΑΙ ΔΗΛΩΣΗ ΥΠΕΥΘΥΝΟΤΗΤΑΣ | |
| Τίτλος | Γεωγραφικά Συστήματα Πληροφοριών και Ανάλυση Χώρου / Δεύτερη Έκδοση |
| 250 ## - EDITION STATEMENT | |
| Edition statement | 2η |
| 260 ## - PUBLICATION, DISTRIBUTION, ETC. | |
| Name of publisher, distributor, etc. | Δίσιγμα, |
| Date of publication, distribution, etc. | 2017 |
| 300 ## - PHYSICAL DESCRIPTION | |
| Extent | 492 |
| 520 ## - SUMMARY, ETC. | |
| Summary, etc. | Το βιβλίο ως σύνολο αποτελεί ένα απαραίτητο συμπλήρωμα της βιβλιοθήκης όλων όσων που με τον ένα ή τον άλλο τρόπο διαχειρίζονται, αναλύουν ή σχεδιάζουν με τη χρήση χωρικών δεδομένων. Εισαγωγικά, Εισαγωγή, Ανάλυση Χώρου, Βασικές Έννοιες της Γ.Σ.Π., Από την Πραγματικότητα στα Γ.Σ.Π., Καθορισμός του Προβλήματος, Είσοδος: Εισαγωγή Χωρικών και Περιγραφικών Δεδομένων, Διαχείριση: Βάσεις Χωρικών Δεδομένων, Ανάλυση, Έξοδος: Χαρτογραφική Απόδοση, Σημειακές Κατανομές: Ανάλυση Χωρικών Προτύπων, Γραμμικές Κατανομές: Ανάλυση Δικτύων, Ασυνεχείς Κατανομές Επιφανειών: Ανάλυση Επιφανειών ως Σημείων Πολύγωνων, Συνεχείς Κατανομές Επιφανειών: Ανάλυση Χωρικής Παρεμβολής, Συμπεράσματα: Επίλογος, Βιβλιογραφία. |
| 700 1# - ΠΡΟΣΘΕΤΗ ΑΝΑΓΡΑΦΗ--ΦΥΣΙΚΟ ΠΡΟΣΩΠΟ | |
| Personal name | Κουτσόπουλος Κωστής |
| 9 (RLIN) | 3995 |
| 942 ## - ADDED ENTRY ELEMENTS (KOHA) | |
| Koha item type | Books |
| Τύπος τεκμηρίου | Βιβλιοθήκη | Τρέχουσα τοποθεσία | Barcode | Αριθμός εισαγωγής | Ημερομηνία απόκτησης | Ταξιθετικό σύμβολο | Αριθμός αντιτύπου | Κατάσταση απόσυρσης | Κατάσταση χαμένου | Κατάσταση κατεστραμμένου | Μη δανεισμός | Σύνολο δανεισμών | Ημερομηνία τελευταίας εμφάνισης | Η τιμή ισχύει από |
|---|---|---|---|---|---|---|---|---|---|---|---|---|---|---|
| Books | MC Athens Campus Library | MC Athens Campus Library | 9780000031648 | 7142 | 05/06/2025 | 526.0285 KOU | 1 | 05/06/2025 | 05/06/2025 |